Chữa bệnh tại gia đình bằng thuốc nam và không dùng thuốc

में बचाया:
ग्रंथसूची विवरण
मुख्य लेखक: Nguyễn Thị Phương
स्वरूप: पुस्तक
भाषा:Vietnamese
प्रकाशित: H. Y học 2012
संस्करण:Tái bản lần thứ 3 có sữa chữa và bổ sung
विषय:
टैग : टैग जोड़ें
कोई टैग नहीं, इस रिकॉर्ड को टैग करने वाले पहले व्यक्ति बनें!
Thư viện lưu trữ: Thư viện Trường Đại học Nam Cần Thơ
LEADER 01461nam a22002417a 4500
001 NCT_32470
008 180423b xxu||||| |||| 00| 0 vie d
999 |c 1561  |d 1561 
020 |c 43000 
082 0 4 |2 23rd ed.  |a 618.02  |b Ph561 
100 1 |a Nguyễn Thị Phương 
245 1 0 |a Chữa bệnh tại gia đình bằng thuốc nam và không dùng thuốc  |c Nguyễn Thị Phương 
250 |a Tái bản lần thứ 3 có sữa chữa và bổ sung 
260 |a H.  |b Y học  |c 2012 
300 |a 187 tr.  |b Hình vẽ  |c 19cm 
653 |a Y đa khoa 
942 |2 ddc  |c BK 
952 |0 0  |1 0  |2 ddc  |4 0  |6 618_020000000000000_PH561  |7 0  |9 7518  |a 000001  |b 000001  |d 2018-04-23  |l 1  |o 618.02 Ph561  |p MD.10881  |r 2019-12-10  |s 2019-11-29  |v 43000.00  |w 2018-04-23  |y BK 
952 |0 0  |1 0  |2 ddc  |4 0  |6 618_020000000000000_PH561  |7 0  |9 7519  |a 000001  |b 000001  |d 2018-04-23  |o 618.02 Ph561  |p MD.10882  |r 2018-04-23  |v 43000.00  |w 2018-04-23  |y BK 
952 |0 0  |1 0  |2 ddc  |4 0  |6 618_020000000000000_PH561  |7 0  |9 7520  |a 000001  |b 000001  |d 2018-04-23  |o 618.02 Ph561  |p MD.11511  |r 2018-04-23  |v 43000.00  |w 2018-04-23  |y BK 
952 |0 0  |1 0  |2 ddc  |4 0  |6 618_020000000000000_PH561  |7 0  |9 7521  |a 000001  |b 000001  |d 2018-04-23  |l 1  |o 618.02 Ph561  |p MD.11512  |r 2019-11-15  |s 2019-11-01  |v 43000.00  |w 2018-04-23  |y BK 
952 |0 0  |1 0  |2 ddc  |4 0  |6 618_020000000000000_PH561  |7 0  |9 7522  |a 000001  |b 000001  |d 2018-04-23  |o 618.02 Ph561  |p MD.11513  |r 2018-04-23  |v 43000.00  |w 2018-04-23  |y BK 
980 |a Thư viện Trường Đại học Nam Cần Thơ